| 000 | 00955nas a2200325 4500 | ||
|---|---|---|---|
| 001 | BR0101569 | ||
| 003 | BR-BrBNA | ||
| 005 | 20231205102148.0 | ||
| 007 | ta | ||
| 008 | 230509b bl.|||p| |||| 00| 00por d | ||
| 040 |
_aBR-BrBNA _bpor _cBiblioteca Nacional de Agricultura |
||
| 041 | _a(Pt) | ||
| 072 | _aL51 | ||
| 100 | 1 | _aLaposy, C.B. | |
| 100 | 1 | _aBalarin, M.R.S. | |
| 100 | 1 | _aAthaide, D.F. de | |
| 100 | 1 | _aLopes, R.S. | |
| 100 | 1 | _aKohayagawa, A. | |
| 100 | 1 | _aTakahira, R.K. | |
| 100 | 1 | _aSouza, C. de | |
| 245 | 1 | _aAvaliacao hematologica e metabolismo oxidativo dos neutrofilos de equinos atletas entre 12 e 16 meses de idade | |
| 650 | _aCavalo | ||
| 650 | _aMetabolismo Animal | ||
| 650 | _aNutricao Animal | ||
| 650 | _aSangue | ||
| 650 | _aSao Paulo | ||
| 773 | 0 |
_tVeterinaria Noticias (Brazil) _xISSN 0104-3463 _g(2000), v. 6(2) p. 25-29 _wBR0101569 |
|
| 909 |
_a202311 _bLúcia _c55 _dLúcia Elande |
||
| 942 |
_2AGRIS _n0 _cANA |
||
| 999 |
_c166067 _d166067 |
||